1083 1264 1229 1984 1086 1307 1538 1991 1093 1975 1063 1727 1715 1314 1128 1479 1551 1990 1591 1237 1738 1299 1810 1612 1191 1992 1809 1687 1031 1276 1504 1371 1499 1836 1332 1766 1617 1347 1355 1330 1545 1801 1040 1877 1489 1231 1909 1046 1962 1497 1955 1365 1329 1999 1671 1230 1652 1570 1519 1763 1599 2000 1596 1916 1930 1852 1677 1456 1929 1689 1785 1815 1951 1127 1831 1477 1885 1938 1524 1037 1266 1337 1105 1948 1248 1633 1555 1468 1833 1976 1486 1092 1930 1852 1883 1907 1778 1090 1037 BCNSPRNW ULIB Ver.6.0+V

เปลี่ยนเป็นภาษาไทย

Change to English
 แสดงรายละเอียดบรรณานุกรม
  กลับหน้าหลัก

Brief Record : Get Marc (ISO 2709) : E-mail record : QR code < ปิดหน้าต่าง
LEADER : 00000nam 2200000uu 4500
001    13399121702
003     ULIB
008    121129s2549||||th 000 0 tha d
020    ^a9746568205
020    ^a9789746568203
060 04 ^aWS104^bน417ก
100 0  ^aนันทณี เสถียรศักดิ์
245 10 ^aการคัดกรองพัฒนาการและการทดสอบหาความผิดปกติในเด็ก /^cนันทณี เสถียรศักดิ์พงศ์, สร้อยสุดา วิทยาการ, ไฉทยา ภิระบรรณ์
250    ^aพิมพ์ครั้งที่ 2
260    ^aเชียงใหม่ :^bหน่วยกิจกรรมบำบัดในเด็ก คณะเทคนิคการแพทย์มหาวิทยาลัยเชียงใหม่,^c2549
300    ^aviii, 198 หน้า :^bภาพประกอบ ;^c30 ซม.
650  7 ^aการทดสอบทางจิตวิทยาสำหรับเด็ก
650  7 ^aความผิดปกติ^xการทดสอบ^xในเด็ก
650  7 ^aเชาวน์^xการทดสอบ^xในเด็ก
650  7 ^aเด็ก^xการเจริญเติบโต
650  7 ^aพัฒนาการของเด็ก^xการทดสอบ
650  7 ^aสายตา, การรับรู้^xการทดสอบ
700 0  ^aสร้อยสุดา วิทยากร
700 0  ^aไฉทยา ภิระบรรณ์
710 2  ^aมหาวิทยาลัยเชียงใหม่. ^bคณะเทคนิคการแพทย์.^bหน่วยกิจกรรมบำบัดในเด็ก
945    ^p240^l0^i24610
995    ^aวิภา
999 ^a ใช้งานได้ทุกระบบ
รายการนี้ยังไม่มีแท็ก
คุณยังไม่ได้ล็อกอิน คุณสามารถมีกิจกรรมร่วมกับเว็บไซต์ได้ แต่ต้องล็อกอินก่อน ::
  ล็อกอิน

รายการสื่อสารสนเทศ

ลำดับที่ ประเภท เลขเรียก/บาร์โค้ด สถานที่ สถานะ
1. วิทยาศาสตร์การแพทย์ และสุขภาพ
วิทยาศาสตร์การแพทย์ และสุขภาพ
WS104 น417ก  
  Barcode: 24610
ห้องสมุดวิทยาเขตสวรรค์ประชารักษ์
►หนังสือทั่วไป
บนชั้น

รายการใกล้เคียง
    ผู้แต่ง [นันทณี เสถียรศักดิ์]

    หัวเรื่อง [การทดสอบทางจิตวิทยาสำหรับเด็ก]

BibComment


ยังไม่เคยถูกคอมเมนท์

คอมเมนท์ทรัพยากรรายการนี้
  คอมเมนท์: การคัดกรองพัฒนาก..


 Copyright 2026. Bcnsprnw @Library